Charli XCX Charting Songs (Billboard Hot 100) - Statistics

General Stats
  • This quiz has been taken 189 times
    4 since last reset
  • The average score is 10 of 14
Answer Stats
Album Weeks On Peak Artist(s) Song % Correct
Icona Pop and This Is... Icona Pop 29 Weeks #7 Icona Pop ft. Charli XCX I Love It
100%
BRAT 20 Weeks #41 Charli XCX 360
75%
BRAT 20 Weeks #51 Charli XCX Apple
75%
The Fault in Our Stars (Music from the Motion Picture) and Sucker 25 Weeks #8 Charli XCX Boom Clap
75%
The New Classic 39 Weeks #1 (7 Weeks) Iggy Azalea ft. Charli XCX Fancy
75%
Brat and it's completely different but also still brat 2 Weeks #63 Charli XCX with Lorde Girl, so confusing
75%
Brat and it's completely different but also still brat 13 Weeks #12 Charli XCX ft. Billie Eilish Guess
75%
how i'm feeling now 21 Weeks #55 Charli XCX party 4 u
75%
Barbie: The Album 5 Weeks #73 Charli XCX Speed Drive
75%
Brat and it's completely different but also still brat 1 Week #74 Charli XCX ft. Troye Sivan Talk talk
75%
Sucker 3 Weeks #91 Charli XCX Break the Rules
50%
Non-Album Single 1 Week #86 Charli XCX Rock Music
50%
Brat and it's completely different but also still brat 2 Weeks #36 Charli XCX ft. Ariana Grande Sympathy is a knife
50%
Wuthering Heights 1 Week #87 Charli XCX Chains of Love
25%
No matching quizzes found
Score Distribution
Percent of People with Each Score
Percentile by Number Answered
Your Score History
You have not taken this quiz since the last reset